| 000 | 00637nam a2200181Ia 4500 | ||
|---|---|---|---|
| 003 | LDD | ||
| 008 | 190117s9999 xx 000 0 und d | ||
| 020 |
_a9788190820462 _c₹190 |
||
| 040 | _cLDD | ||
| 041 | _ahi | ||
| 082 | _a8H3.7 है4664द | ||
| 100 | _aहैदर, कुर्रतुलऐन | ||
| 245 | 0 |
_a10 प्रतिनिधि कहानियाँ कुरेतुलऐन हैदर _cकुर्रतुलऐन हैदर |
|
| 260 |
_aनई दिल्ली _bकिताबघर प्रकाशन _c2009 |
||
| 300 | _a176पृ. | ||
| 904 | _aReqst by : Satyakam | ||
| 942 |
_2ddc _cH |
||
| 999 |
_c175121 _d175121 |
||